=LDR 00000nam 2200000 4500 =001 000863 =005 20250712094411 =035 ##$$a 0010-0725000741 =007 ta =008 250712################a##########0#ind## =020 ##$$a 978-623-307-546-6 =082 ##$$a 398.209 598 =084 ##$$a 398.209 598 SAN b =100 #$$a sandera,julie romies =245 1#$$a Buku terbaik /$c julie romies sandera =250 ##$$a Pertama =260 ##$$a Jakarta :$b Badan pengembangan dan pembinaan bahasa,$c 2022 =300 ##$$a 18 HLM. : $b Ilusi. ; $c 21,5 × 21,5 cm =650 #4$$a Cerita anak terjemahan =650 #4$$a Literasi bahan bacaan =990 ##$$a TBM202400787